Diseño de un modelo de gestión municipal que ayude al desarrollo de las comunidades rurales
Guardat en:
| Autor principal: | |
|---|---|
| Altres autors: | , |
| Format: | Thesis Llibre |
| Publicat: |
San José, Costa Rica
1988
|
| Matèries: | |
| Etiquetes: |
Afegir etiqueta
Sense etiquetes, Sigues el primer a etiquetar aquest registre!
|
MARC
| LEADER | 00000nam a2200000Ia 4500 | ||
|---|---|---|---|
| 003 | 007258 | ||
| 005 | 20221231144309.0 | ||
| 008 | 140114s1988 cr a m 000 ||s d | ||
| 040 | |c cru CEDI | ||
| 090 | |a TFG 2993 | ||
| 100 | |a Blanco Vargas, María Gabriela |9 11598 | ||
| 245 | |a Diseño de un modelo de gestión municipal que ayude al desarrollo de las comunidades rurales | ||
| 260 | |c 1988 |a San José, Costa Rica | ||
| 300 | |a 212, [170] hojas : ilustraciones (algunas plegables) ; 28 cm | ||
| 500 | |a Proyecto de graduación (bachiller en ingeniería industrial)--Universidad de Costa Rica. Facultad de Ingeniería. Escuela de Ingeniería Industrial | ||
| 502 | |a Escuela de ingenieria Industrial | ||
| 650 | |x DESARROLLO DE LA COMUNIDAD |x MUNICIPALIDADES - GOBIERNO Y ADMINISTRACION |9 11657 | ||
| 700 | |9 11456 |a Monge Unfried, Yerick | ||
| 700 | |9 11457 |a Morelli Cosenza, Eugenio | ||
| 942 | |c TFG | ||
| 999 | |c 19746 |d 19746 | ||
